000 00691nam a2200241Ia 4500
003 OSt
005 20220925202015.0
006 a|||||r|||| 00| 0
007 ta
008 220923b |||||||| |||| 00| 0 eng d
037 _cGeneral Book
040 _aRTL
_cRTL
_beng
041 _2eng
_aeng
082 _aY9(W:5), N8
100 _aMahajan Gurpreet Ed.
_930398
245 0 _aDemocracy, differences and social justice
260 _aDelhi
_bOxford University Press
_c1998
300 _axiii,584p
_ccm.
500 _aBibliography chapaterwise
650 _aPolitical Sociology
942 _hY9(W:5), N8
_cGB
_2CC
999 _c542137
_d542137